[Event "Volga Region-ch (Women) 12th"]
[Site "Togliatti"]
[Date "2014.03.19"]
[Round "6"]
[White "Khusnutdinova, Alsu"]
[Black "Severiukhina, Zoja"]
[Result "0-1"]
[WhiteElo "2021"]
[BlackElo "2209"]
[PlyCount "96"]
[EventDate "2014.03.14"]
[EventType "swiss"]
[EventRounds "9"]
[EventCountry "RUS"]
[SourceTitle "CBM 159 Extra"]
[Source "ChessBase"]
[SourceDate "2014.04.24"]
[SourceVersion "1"]
[SourceVersionDate "2014.04.24"]
[SourceQuality "1"]

1. e4 c5 2. Nf3 a6 3. d4 cxd4 4. Nxd4 Nf6 5. Nc3 Qc7 6. Be3 e6 7. a3 b5 8. Bd3 Bb7 9. Qe2 Be7 10. 0-0 0-0 11. f4 d6 12. g4 d5 13. e5 Ne4 14. Qg2 Nc5 15. Qh3 Nxd3 16. cxd3 Nc6 17. Nce2 b4 18. a4 b3 19. Rfc1 Qd7 20. Nxb3 d4 21. Nbxd4 Nxd4 22. Nxd4 Rac8 23. Bf2 Qd5 24. Kf1 Bb4 25. Ke2 Bc5 26. Qe3 Rfd8 27. Rc4 Bxd4 28. Rxd4 Qb3 29. Rxd8+ Rxd8 30. Rd1 Qxa4 31. Rd2 Qc6 32. b4 Rc8 33. Qe4 Qb5 34. Qd4 Bd5 35. Qb6 Qa4 36. Qa5 Qc6 37. Qc5 Qb7 38. Qd4 Bf3+ 39. Ke3 Bxg4 40. Qe4 Qb6+ 41. Qd4 Qc6 42. Qe4 Qc1 43. Qg2 Bf5 44. Bh4 h5 45. Qe2 Bg4 46. Qe1 Qc6 47. Rf2 Qb6+ 48. d4 Rc4 0-1

[Event "Izhevsk Corporation Cup 5th"]
[Site "Izhevsk"]
[Date "2013.07.18"]
[Round "7"]
[White "Muksimova, Oksana"]
[Black "Severiukhina, Zoja"]
[Result "1-0"]
[WhiteElo "1807"]
[BlackElo "2313"]
[PlyCount "109"]
[EventDate "2013.07.11"]
[EventType "swiss"]
[EventRounds "9"]
[EventCountry "RUS"]
[SourceTitle "EXT 2014"]
[Source "ChessBase"]
[SourceDate "2013.11.20"]
[SourceVersion "1"]
[SourceVersionDate "2013.11.20"]
[SourceQuality "1"]

1. d4 Nf6 2. Nf3 g6 3. c4 Bg7 4. Nc3 0-0 5. e4 d6 6. Be2 e5 7. 0-0 Nbd7 8. Rb1 exd4 9. Nxd4 Nc5 10. f3 a5 11. b3 Ne8 12. Bb2 c6 13. Qd2 Qh4 14. g3 Qe7 15. Rfe1 h5 16. Rbd1 Kh7 17. Bf1 h4 18. Qf2 hxg3 19. hxg3 Rh8 20. Bg2 a4 21. b4 a3 22. Ba1 Na4 23. Qc2 Nb2 24. Bxb2 axb2 25. Kf2 Be6 26. Rh1+ Kg8 27. Rxh8+ Bxh8 28. Bf1 Ra3 29. Qxb2 Rxc3 30. Qxc3 c5 31. bxc5 dxc5 32. Nc6 Qc7 33. e5 Qxc6 34. Be2 Bg7 35. f4 Bf8 36. Qb3 Ng7 37. Bf3 Qa6 38. Bxb7 Qxc4 39. Qxc4 Bxc4 40. Bd5 Bxd5 41. Rxd5 c4 42. Rd8 Ne6 43. Rc8 Nc5 44. g4 g5 45. fxg5 Kg7 46. Ke2 c3 47. Kd1 Ne4 48. Kc2 Nxg5 49. Kxc3 Ne6 50. a4 Kh6 51. Kc4 Bg7 52. Kd5 Nf4+ 53. Ke4 Ng6 54. a5 Nxe5 55. a6 1-0

[Event "Satka Autumn op (Women)"]
[Site "Satka"]
[Date "2012.09.26"]
[Round "6"]
[White "Severiukhina, Zoja"]
[Black "Goryachkina, Aleksandra"]
[Result "0-1"]
[WhiteElo "2327"]
[BlackElo "2361"]
[PlyCount "78"]
[EventDate "2012.09.20"]
[EventType "swiss"]
[EventRounds "9"]
[EventCountry "RUS"]
[SourceTitle "CBM 150 Extra"]
[Source "ChessBase"]
[SourceDate "2012.10.19"]
[SourceVersion "1"]
[SourceVersionDate "2012.10.19"]
[SourceQuality "1"]

1. e4 c6 2. d4 d5 3. e5 Bf5 4. Nd2 e6 5. Nb3 Nd7 6. Nf3 a6 7. Be2 c5 8. dxc5 Bxc5 9. Nxc5 Nxc5 10. Be3 Nd7 11. 0-0 Ne7 12. c4 0-0 13. Qb3 dxc4 14. Qxb7 Nd5 15. Rfd1 Be4 16. Rd4 Nc5 17. Qc6 Bxf3 18. Bxf3 Rc8 19. Qd6 Nxe3 20. Qxd8 Rfxd8 21. fxe3 Nd3 22. Bb7 Rb8 23. Bxa6 Nxb2 24. Rc1 Rd5 25. h3 g6 26. Rc2 Rxe5 27. Rdd2 Rb6 28. Bxc4 Nxc4 29. Rxc4 Rxe3 30. Rc7 Re1+ 31. Kh2 Rf1 32. Ra7 h5 33. Kg3 Kg7 34. Ra5 Rb4 35. Rf2 h4+ 36. Kf3 Rf4+ 37. Kxf4 Rxf2+ 38. Ke4 Rxg2 39. a4 Rg3 0-1

[Event "World University-ch (Women) 12th"]
[Site "Guimaraes"]
[Date "2012.08.25"]
[Round "9"]
[White "Hoolt, Sarah"]
[Black "Severiukhina, Zoja"]
[Result "1-0"]
[WhiteElo "2281"]
[BlackElo "2352"]
[PlyCount "69"]
[EventDate "2012.08.20"]
[EventType "swiss"]
[EventRounds "9"]
[EventCountry "POR"]
[SourceTitle "CBM 150 Extra"]
[Source "ChessBase"]
[SourceDate "2012.10.19"]
[SourceVersion "1"]
[SourceVersionDate "2012.10.19"]
[SourceQuality "1"]

1. e4 c5 2. Nf3 e6 3. d4 cxd4 4. Nxd4 Nc6 5. Nc3 Qc7 6. Be3 a6 7. Bd3 Nf6 8. 0-0 d6 9. Nxc6 bxc6 10. f4 Be7 11. Qf3 0-0 12. Rae1 d5 13. e5 Nd7 14. Qh3 g6 15. Na4 Re8 16. c4 Qa5 17. Bc2 Rb8 18. f5 exf5 19. Bxf5 Nxe5 20. Bxc8 Qxa4 21. Be6 Bb4 22. Bxf7+ Nxf7 23. Rxf7 Kxf7 24. Qxh7+ Ke6 25. Bd2+ Kd6 26. Bf4+ Kc5 27. Qa7+ Rb6 28. Rxe8 Qd1+ 29. Kf2 Qc2+ 30. Kg3 Qd3+ 31. Be3+ Kxc4 32. b3+ Kc3 33. Qxb6 Bd6+ 34. Kh4 g5+ 35. Kxg5 1-0

[Event "World University-ch (Women) 12th"]
[Site "Guimaraes"]
[Date "2012.08.23"]
[Round "7"]
[White "Severiukhina, Zoja"]
[Black "Kulon, Klaudia"]
[Result "1-0"]
[WhiteElo "2352"]
[BlackElo "2259"]
[PlyCount "77"]
[EventDate "2012.08.20"]
[EventType "swiss"]
[EventRounds "9"]
[EventCountry "POR"]
[SourceTitle "CBM 150 Extra"]
[Source "ChessBase"]
[SourceDate "2012.10.19"]
[SourceVersion "1"]
[SourceVersionDate "2012.10.19"]
[SourceQuality "1"]

1. e4 c5 2. Nf3 d6 3. d4 cxd4 4. Nxd4 Nf6 5. Nc3 Nc6 6. Bg5 Qa5 7. Bb5 Bd7 8. Nb3 Qc7 9. Bxf6 gxf6 10. Qh5 Rg8 11. g3 Rg7 12. f4 Bg4 13. Qd5 0-0-0 14. Bxc6 bxc6 15. Qd3 f5 16. h3 Bh5 17. exf5 f6 18. Nd4 Bf7 19. Qa6+ Kd7 20. 0-0-0 Qb6 21. Qd3 c5 22. Ne6 Bxe6 23. fxe6+ Kxe6 24. Rhe1+ Kd7 25. Qf5+ Kc6 26. Qe4+ Kd7 27. Nd5 Qb5 28. c4 Qa6 29. Rd3 Rb8 30. Ra3 Qb7 31. Rb3 Qc8 32. Rxb8 Qxb8 33. Re3 Kd8 34. f5 h5 35. Nf4 Rh7 36. Qc6 e5 37. Rb3 Qxb3 38. Ne6+ Ke7 39. Qc7+ 1-0

[Event "Izhevsk Corporation Cup-A 4th"]
[Site "Izhevsk"]
[Date "2012.07.18"]
[Round "4"]
[White "Severiukhina, Zoja"]
[Black "Shaposhnikov, Evgeny"]
[Result "0-1"]
[WhiteElo "2337"]
[BlackElo "2545"]
[PlyCount "62"]
[EventDate "2012.07.15"]
[EventType "swiss"]
[EventRounds "9"]
[EventCountry "RUS"]
[SourceTitle "EXT 2013"]
[Source "ChessBase"]
[SourceDate "2012.11.22"]
[SourceVersion "1"]
[SourceVersionDate "2012.11.22"]
[SourceQuality "1"]

1. e4 c5 2. Nf3 e6 3. d4 cxd4 4. Nxd4 a6 5. Bd3 Bc5 6. Nb3 Be7 7. Be3 Nf6 8. f4 d6 9. N1d2 0-0 10. Qe2 Nc6 11. g4 Nb4 12. g5 Nd7 13. a3 Nxd3+ 14. Qxd3 b5 15. a4 bxa4 16. Rxa4 e5 17. h4 exf4 18. Bxf4 Ne5 19. Bxe5 dxe5 20. Qxd8 Rxd8 21. Ke2 f6 22. gxf6 gxf6 23. Rf1 Bd7 24. Ra5 Rac8 25. c4 Be6 26. Ra4 Kf7 27. Nf3 Bg4 28. Ke3 Ke8 29. Nfd2 Rc6 30. Rc1 Rcd6 31. Rc3 Rxd2 0-1

[Event "RUS-ch Higher League (Women) 65th"]
[Site "Tiumen"]
[Date "2012.06.24"]
[Round "8"]
[White "Severiukhina, Zoja"]
[Black "Timofeeva, Ekaterina"]
[Result "1/2-1/2"]
[WhiteElo "2337"]
[BlackElo "2273"]
[PlyCount "85"]
[EventDate "2012.06.16"]
[EventType "swiss"]
[EventRounds "11"]
[EventCountry "RUS"]
[SourceTitle "CBM 149 Extra"]
[Source "ChessBase"]
[SourceDate "2012.08.24"]
[SourceVersion "1"]
[SourceVersionDate "2012.08.24"]
[SourceQuality "1"]

1. e4 c5 2. Nf3 e6 3. d4 cxd4 4. Nxd4 Nc6 5. Nc3 Qc7 6. f4 a6 7. Nxc6 Qxc6 8. Bd3 b5 9. Qe2 Bb7 10. Bd2 Bc5 11. 0-0-0 Ne7 12. Qh5 g6 13. Qg5 0-0-0 14. Kb1 f5 15. a3 h6 16. Qg3 Qb6 17. Rhf1 Bc6 18. Rde1 a5 19. Na2 Kb7 20. Nc1 b4 21. Nb3 Rb8 22. Nxc5+ Qxc5 23. Be3 Qd6 24. Qf2 Qc7 25. Bd4 Rhc8 26. axb4 axb4 27. Bc5 fxe4 28. Qd4 exd3 29. Qxb4+ Ka6 30. Qa3+ Qa5 31. Qxd3+ Bb5 32. Qd6+ Nc6 33. Re3 Qc7 34. Ra3+ Kb7 35. Qd1 Ra8 36. Rb3 Qa5 37. Ra3 Ba4 38. Qd6 Nb8 39. Rxa4 Qxc5 40. Rb4+ Ka7 41. Ra4+ Kb7 42. Rb4+ Ka7 43. Ra4+ 1/2-1/2

[Event "RUS-ch Higher League (Women) 65th"]
[Site "Tiumen"]
[Date "2012.06.23"]
[Round "7"]
[White "Ovod, Evgenija"]
[Black "Severiukhina, Zoja"]
[Result "1-0"]
[WhiteElo "2410"]
[BlackElo "2337"]
[PlyCount "83"]
[EventDate "2012.06.16"]
[EventType "swiss"]
[EventRounds "11"]
[EventCountry "RUS"]
[SourceTitle "CBM 149 Extra"]
[Source "ChessBase"]
[SourceDate "2012.08.24"]
[SourceVersion "1"]
[SourceVersionDate "2012.08.24"]
[SourceQuality "1"]

1. d4 g6 2. c4 Nf6 3. Nc3 Bg7 4. e4 d6 5. h3 0-0 6. Nf3 e5 7. d5 a5 8. g4 Na6 9. Be3 Nd7 10. h4 Ndc5 11. Nd2 Nb4 12. Bxc5 dxc5 13. a3 Na6 14. g5 f6 15. Rg1 fxg5 16. hxg5 Qe8 17. Qe2 Qf7 18. f3 Bd7 19. Qh2 Qf4 20. Rg3 Qe3+ 21. Ne2 b5 22. Bh3 Bxh3 23. Qxh3 b4 24. f4 Qxg3+ 25. Qxg3 exf4 26. Qb3 a4 27. Qc2 f3 28. Ng3 bxa3 29. Rxa3 Nb4 30. Qb1 Rab8 31. Kd1 f2 32. Ngf1 Ra8 33. Ke2 c6 34. b3 cxd5 35. cxd5 Rae8 36. bxa4 Kh8 37. Rf3 Nxd5 38. Rxf8+ Bxf8 39. Kxf2 Nc3 40. Qb7 Bg7 41. a5 Rf8+ 42. Kg2 1-0

[Event "RUS-chT (Women) 13th"]
[Site "Sochi"]
[Date "2012.04.10"]
[Round "2"]
[White "Severiukhina, Zoja"]
[Black "Kosteniuk, Alexandra"]
[Result "1/2-1/2"]
[WhiteElo "2261"]
[BlackElo "2448"]
[PlyCount "81"]
[EventDate "2012.04.09"]
[EventType "team-tourn"]
[EventRounds "7"]
[EventCountry "RUS"]
[SourceTitle "CBM 147 Extra"]
[Source "ChessBase"]
[SourceDate "2012.04.24"]
[SourceVersion "1"]
[SourceVersionDate "2012.04.24"]
[SourceQuality "1"]
[WhiteTeam "Izhevsk Udmurtia (W)"]
[BlackTeam "Moscow ShSM-RGSU (W)"]
[WhiteTeamCountry "RUS"]
[BlackTeamCountry "RUS"]

1. e4 e5 2. Nf3 Nc6 3. Bb5 a6 4. Ba4 Nf6 5. 0-0 Be7 6. Re1 b5 7. Bb3 0-0 8. a4 Bb7 9. d3 Re8 10. Nc3 Nd4 11. axb5 Nxb3 12. cxb3 axb5 13. Rxa8 Bxa8 14. Nxb5 d5 15. exd5 Bb4 16. Bd2 Bxd2 17. Qxd2 Bxd5 18. Nxe5 Bxg2 19. Kxg2 Qd5+ 20. Nf3 Qxb5 21. Rxe8+ Qxe8 22. Qf4 Nd5 23. Qe4 Qd8 24. h4 g6 25. Ne5 Kg7 26. Qd4 f6 27. Nc4 c5 28. Qe4 Nb4 29. Ne3 Nxd3 30. Qb7+ Kh8 31. Ng4 f5 32. Nh6 Qxh4 33. Qc8+ Kg7 34. Nxf5+ gxf5 35. Qd7+ Kg6 36. Qe8+ Kg7 37. Qd7+ Kh6 38. Qe6+ Kg7 39. Qd7+ Kg6 40. Qe8+ Kg7 41. Qd7+ 1/2-1/2

[Event "Privolzhskogo FO-ch (Women)"]
[Site "Togliatti"]
[Date "2012.03.28"]
[Round "9"]
[White "Severiukhina, Zoja"]
[Black "Makarenko, Alexandra"]
[Result "1-0"]
[WhiteElo "2261"]
[BlackElo "2116"]
[PlyCount "97"]
[EventDate "2012.03.20"]
[EventType "swiss"]
[EventRounds "9"]
[EventCountry "RUS"]
[SourceTitle "EXT 2013"]
[Source "ChessBase"]
[SourceDate "2012.11.22"]
[SourceVersion "1"]
[SourceVersionDate "2012.11.22"]
[SourceQuality "1"]

1. e4 c5 2. Nf3 d6 3. Bb5+ Bd7 4. Bxd7+ Qxd7 5. c4 Qg4 6. 0-0 Qxe4 7. d4 cxd4 8. Re1 Qg4 9. h3 Qd7 10. Nxd4 Nc6 11. Nb5 0-0-0 12. N1c3 Kb8 13. Be3 a6 14. Bb6 Rc8 15. Qa4 Nf6 16. Rac1 e6 17. Rcd1 d5 18. cxd5 exd5 19. Qf4+ Ka8 20. Nc7+ Rxc7 21. Qxc7 Qxc7 22. Bxc7 d4 23. Ne4 Nxe4 24. Rxe4 Bc5 25. Rc1 Ba7 26. Rce1 b5 27. Re8+ Rxe8 28. Rxe8+ Kb7 29. Bf4 d3 30. Rf8 Bd4 31. Rxf7+ Kb6 32. Be3 Kc5 33. Kf1 Ne5 34. Rxg7 a5 35. Rxh7 Bxe3 36. fxe3 Nc4 37. Rh5+ Kb4 38. Rh4 a4 39. Ke1 Kc5 40. Rxc4+ bxc4 41. a3 c3 42. bxc3 Kc4 43. Kd2 Kb3 44. g4 Kxa3 45. g5 Kb2 46. g6 a3 47. g7 a2 48. g8Q Ka1 49. Qxa2+ 1-0

[Event "Privolzhskogo FO-ch (Women)"]
[Site "Togliatti"]
[Date "2012.03.26"]
[Round "7"]
[White "Severiukhina, Zoja"]
[Black "Tarasova, Viktoriya"]
[Result "1/2-1/2"]
[WhiteElo "2261"]
[BlackElo "2304"]
[PlyCount "111"]
[EventDate "2012.03.20"]
[EventType "swiss"]
[EventRounds "9"]
[EventCountry "RUS"]
[SourceTitle "EXT 2013"]
[Source "ChessBase"]
[SourceDate "2012.11.22"]
[SourceVersion "1"]
[SourceVersionDate "2012.11.22"]
[SourceQuality "1"]

1. e4 e5 2. Nf3 Nc6 3. Bb5 a6 4. Ba4 Nf6 5. 0-0 Be7 6. Re1 b5 7. Bb3 d6 8. c3 0-0 9. d4 Bg4 10. Be3 exd4 11. cxd4 d5 12. e5 Ne4 13. Nc3 Nxc3 14. bxc3 Na5 15. Bc2 Nc4 16. Qd3 g6 17. Bh6 Re8 18. h3 Bf5 19. Qd1 Qd7 20. Bxf5 Qxf5 21. g4 Qd7 22. Ng5 Bf8 23. Bxf8 Rxf8 24. Qc1 Rae8 25. Qf4 h6 26. Nf3 Kh7 27. h4 Qe6 28. Kg2 Kg7 29. g5 h5 30. Re2 Nb6 31. Ne1 Na4 32. Nd3 Rc8 33. Qf3 c5 34. Nf4 Qg4+ 35. Qxg4 hxg4 36. Re3 cxd4 37. cxd4 Nc3 38. Rae1 Rfe8 39. e6 b4 40. e7 Rc6 41. h5 gxh5 42. Nxh5+ Kg6 43. Nf6 Rxf6 44. gxf6 Kxf6 45. a3 a5 46. axb4 axb4 47. f3 gxf3+ 48. Rxf3+ Kg6 49. Rg3+ Kf6 50. Re5 Ne4 51. Rf3+ Kg6 52. Rb3 f6 53. Rxd5 Rxe7 54. Rxb4 Nd2 55. Rb6 Nc4 56. Rbb5 1/2-1/2

[Event "Privolzhskogo FO-ch (Women)"]
[Site "Togliatti"]
[Date "2012.03.25"]
[Round "6"]
[White "Shaydullina, Sandugach"]
[Black "Severiukhina, Zoja"]
[Result "0-1"]
[WhiteElo "2197"]
[BlackElo "2261"]
[PlyCount "98"]
[EventDate "2012.03.20"]
[EventType "swiss"]
[EventRounds "9"]
[EventCountry "RUS"]
[SourceTitle "EXT 2013"]
[Source "ChessBase"]
[SourceDate "2012.11.22"]
[SourceVersion "1"]
[SourceVersionDate "2012.11.22"]
[SourceQuality "1"]

1. d4 Nf6 2. Nf3 e6 3. g3 c5 4. c4 cxd4 5. Nxd4 Bb4+ 6. Bd2 Qb6 7. Bxb4 Qxb4+ 8. Nd2 Qxb2 9. Nb5 Qe5 10. Bg2 0-0 11. 0-0 a6 12. Nf3 Qc5 13. Nd6 Nc6 14. Rb1 Rb8 15. a4 b6 16. Qd2 Na5 17. Rfc1 Bb7 18. Nxb7 Nxb7 19. Nd4 Na5 20. Nb3 Nxb3 21. Rxb3 Rfc8 22. h3 b5 23. axb5 axb5 24. Rbc3 b4 25. R3c2 d6 26. g4 Nd7 27. Be4 Ne5 28. Bd3 Rc6 29. Ra1 b3 30. Rb1 Rcb6 31. Rc3 Rb4 32. Qd1 Qb6 33. Rb2 Nd7 34. Bb1 Nc5 35. Rd2 Rd8 36. g5 Nb7 37. Rd4 Qc5 38. Rg3 g6 39. h4 b2 40. Rgg4 Na5 41. h5 Rxc4 42. Rxc4 Nxc4 43. h6 Na3 44. Kh2 Nxb1 45. Qxb1 Qxf2+ 46. Rg2 Qf4+ 47. Kh3 Rb8 48. e3 Qf5+ 49. Qxf5 exf5 0-1

[Event "Privolzhskogo FO-ch"]
[Site "Kazan"]
[Date "2012.02.27"]
[Round "1"]
[White "Severiukhina, Zoja"]
[Black "Shinkevich, Vitaly"]
[Result "0-1"]
[WhiteElo "2279"]
[BlackElo "2498"]
[PlyCount "49"]
[EventDate "2012.02.26"]
[EventType "swiss"]
[EventRounds "9"]
[EventCountry "RUS"]
[SourceTitle "CBM 147 Extra"]
[Source "ChessBase"]
[SourceDate "2012.04.24"]
[SourceVersion "1"]
[SourceVersionDate "2012.04.24"]
[SourceQuality "1"]

1. e4 c5 2. Nf3 d6 3. d4 cxd4 4. Nxd4 Nf6 5. Nc3 g6 6. Be3 Bg7 7. f3 Nc6 8. Qd2 0-0 9. Bc4 Bd7 10. 0-0-0 Ne5 11. Bb3 Rc8 12. Kb1 Re8 13. h4 h5 14. Bg5 Rc5 15. g4 hxg4 16. h5 Nxh5 17. f4 Nc4 18. Qd3 b5 19. e5 Qc8 20. Ne4 Rd5 21. Nc3 Bf5 22. Nxd5 Bxd3 23. cxd3 dxe5 24. Nxb5 Na5 25. Ba4 0-1

[Event "Moscow op U26"]
[Site "Moscow"]
[Date "2012.02.01"]
[Round "5"]
[White "Matsenko, Sergei"]
[Black "Severiukhina, Zoja"]
[Result "1-0"]
[WhiteElo "2460"]
[BlackElo "2279"]
[PlyCount "93"]
[EventDate "2012.01.28"]
[EventType "swiss"]
[EventRounds "9"]
[EventCountry "RUS"]
[SourceTitle "EXT 2013"]
[Source "ChessBase"]
[SourceDate "2012.11.22"]
[SourceVersion "1"]
[SourceVersionDate "2012.11.22"]
[SourceQuality "1"]

1. e4 e6 2. d4 d5 3. Nd2 Nf6 4. Bd3 c5 5. c3 Nc6 6. Ngf3 cxd4 7. cxd4 Qb6 8. e5 Nd7 9. Nb3 Bb4+ 10. Kf1 Be7 11. Be3 a5 12. a4 Nb4 13. Bb5 0-0 14. Rc1 Qd8 15. g3 b6 16. Kg2 Ba6 17. Bxa6 Rxa6 18. h4 Qb8 19. Bg5 Re8 20. Bxe7 Rxe7 21. Qe2 Ra7 22. Qb5 Re8 23. Rc3 Qd8 24. Nbd2 Kf8 25. Re1 Nb8 26. Nb1 N8a6 27. Na3 Rb7 28. Qe2 Nc7 29. b3 Qd7 30. Rec1 h6 31. h5 Nba6 32. Rc6 Nb4 33. R6c3 Nba6 34. Rc6 Nb4 35. Rd6 Qe7 36. Nb5 Nxb5 37. Qxb5 Reb8 38. g4 Qe8 39. Qe2 Rd8 40. g5 hxg5 41. Nxg5 Rxd6 42. exd6 Qd8 43. Qg4 Qxd6 44. Nh7+ Ke7 45. Qxg7 Nc6 46. Qf8+ Kd7 47. Nf6+ 1-0

[Event "Moscow op U26"]
[Site "Moscow"]
[Date "2012.01.28"]
[Round "1"]
[White "Babkin, Ivan"]
[Black "Severiukhina, Zoja"]
[Result "0-1"]
[WhiteElo "1955"]
[BlackElo "2279"]
[PlyCount "68"]
[EventDate "2012.01.28"]
[EventType "swiss"]
[EventRounds "9"]
[EventCountry "RUS"]
[SourceTitle "EXT 2013"]
[Source "ChessBase"]
[SourceDate "2012.11.22"]
[SourceVersion "1"]
[SourceVersionDate "2012.11.22"]
[SourceQuality "1"]

1. d4 Nf6 2. Nc3 d5 3. Bg5 Nbd7 4. f3 c6 5. Qd2 h6 6. Bh4 b5 7. a3 g5 8. Bg3 Bg7 9. e3 Nh5 10. Nge2 Nb6 11. b3 0-0 12. Bf2 a5 13. g4 Nf6 14. a4 b4 15. Na2 e5 16. dxe5 Nfd7 17. f4 Nc5 18. Bg2 Bxg4 19. Nd4 Ne4 20. Bxe4 dxe4 21. Nxc6 Qc7 22. Nd4 Rad8 23. c3 Nd5 24. cxb4 gxf4 25. exf4 e3 26. Bxe3 Bxe5 27. Rc1 Bxd4 28. Rxc7 Bxe3 29. Qg2 h5 30. Rc5 Bxc5 31. bxc5 Rfe8+ 32. Kf2 Ne3 33. Qc6 Rd2+ 34. Ke1 Re2# 0-1

[Event "Izhevsk Udmurtia-ch"]
[Site "Izhevsk"]
[Date "2011.12.10"]
[Round "11"]
[White "Bronnikov, Konstantin Alexandr"]
[Black "Severiukhina, Zoja"]
[Result "1-0"]
[WhiteElo "2233"]
[BlackElo "2283"]
[PlyCount "97"]
[EventDate "2011.12.02"]
[EventType "swiss"]
[EventRounds "11"]
[EventCountry "RUS"]
[SourceTitle "CBM 146 Extra"]
[Source "ChessBase"]
[SourceDate "2012.02.29"]
[SourceVersion "1"]
[SourceVersionDate "2012.02.29"]
[SourceQuality "1"]

1. e4 c5 2. Nf3 e6 3. d4 cxd4 4. Nxd4 a6 5. Nc3 Qc7 6. Be2 Nf6 7. 0-0 Bb4 8. Qd3 0-0 9. f4 d6 10. Bf3 Nbd7 11. Nb3 Rd8 12. a3 Bxc3 13. bxc3 Nb6 14. Rd1 Bd7 15. Qxd6 Qxd6 16. Rxd6 Bc6 17. Rxd8+ Rxd8 18. Na5 Bxe4 19. Nxb7 Bxb7 20. Bxb7 Rd1+ 21. Kf2 Nbd5 22. c4 Nc3 23. Bb2 Rd2+ 24. Ke3 Rxc2 25. Bxc3 Rxc3+ 26. Kd4 Rc2 27. Kd3 Rb2 28. Bf3 Kf8 29. Kc3 Rb8 30. c5 Ke7 31. Kc4 Rb2 32. Rc1 Kd7 33. Kc3 Rb5 34. Kd4 Kc7 35. h3 Nd7 36. Rc3 Rb2 37. Rc4 Rb5 38. Be4 h5 39. Rb4 Ra5 40. Rb7+ Kc8 41. c6 Nf6 42. Bf3 Nd5 43. Rxf7 g6 44. Ke5 Nc7+ 45. Kd6 Nb5+ 46. Kxe6 Nd4+ 47. Kd6 Nf5+ 48. Rxf5 Rxf5 49. Bd5 1-0

[Event "Izhevsk Udmurtia-ch"]
[Site "Izhevsk"]
[Date "2011.12.09"]
[Round "9"]
[White "Severiukhina, Zoja"]
[Black "Filipenko, Alexander V"]
[Result "1-0"]
[WhiteElo "2283"]
[BlackElo "2353"]
[PlyCount "91"]
[EventDate "2011.12.02"]
[EventType "swiss"]
[EventRounds "11"]
[EventCountry "RUS"]
[SourceTitle "CBM 146 Extra"]
[Source "ChessBase"]
[SourceDate "2012.02.29"]
[SourceVersion "1"]
[SourceVersionDate "2012.02.29"]
[SourceQuality "1"]

1. e4 e5 2. Nf3 Nc6 3. Bb5 a6 4. Ba4 Nge7 5. Bb3 Ng6 6. d4 Be7 7. dxe5 Ngxe5 8. Nxe5 Nxe5 9. 0-0 0-0 10. Nc3 d6 11. f4 Nd7 12. Be3 c6 13. Qf3 b5 14. Rad1 Qc7 15. Qg3 Bf6 16. f5 Ne5 17. Ne2 Qe7 18. Nf4 Bh4 19. Qh3 Bg5 20. Qh5 Nc4 21. Bd4 f6 22. Nh3 Bh6 23. Nf2 c5 24. Bc3 Kh8 25. Ng4 Be3+ 26. Kh1 Qxe4 27. Bxc4 bxc4 28. Rde1 d5 29. Rxe3 Qxc2 30. Rh3 Bxf5 31. Qxf5 Qxf5 32. Rxf5 d4 33. Rxc5 dxc3 34. Rxc3 Rab8 35. Rc2 Rfe8 36. Kg1 Rb5 37. Rxb5 axb5 38. Kf2 Ra8 39. a3 Kg8 40. Ke3 Kf7 41. Kd4 Ke6 42. Kc5 Kf5 43. Nf2 Rb8 44. Nd1 Ke4 45. Nc3+ Kd3 46. Rf2 1-0

[Event "St Petersburg Rudenko Memorial (Women)"]
[Site "St Petersburg"]
[Date "2011.08.27"]
[Round "5"]
[White "Severiukhina, Zoja"]
[Black "Galojan, Lilit"]
[Result "1/2-1/2"]
[WhiteElo "2270"]
[BlackElo "2389"]
[PlyCount "101"]
[EventDate "2011.08.23"]
[EventType "swiss"]
[EventRounds "9"]
[EventCountry "RUS"]
[SourceTitle "CBM 144 Extra"]
[Source "ChessBase"]
[SourceDate "2011.10.28"]
[SourceVersion "1"]
[SourceVersionDate "2011.10.28"]
[SourceQuality "1"]

1. e4 c5 2. Nf3 d6 3. d4 cxd4 4. Nxd4 Nf6 5. Nc3 a6 6. Be3 e5 7. Nb3 Be6 8. Qd2 Nbd7 9. 0-0-0 Qc7 10. f3 h5 11. Qf2 Be7 12. h3 b5 13. Kb1 b4 14. Nd5 Bxd5 15. exd5 a5 16. Bb5 0-0 17. Ba4 Rfb8 18. g4 Nb6 19. Bc6 Nc4 20. g5 Nh7 21. Bc1 Ra6 22. Rhg1 a4 23. Nd2 Nxd2+ 24. Qxd2 Nf8 25. Qe2 Ra5 26. Bd2 a3 27. b3 Ng6 28. Qe4 Qb6 29. Be3 Qa6 30. Bd7 Bd8 31. Bf5 Nf8 32. g6 Qb7 33. gxf7+ Qxf7 34. Qd3 Bb6 35. Be6 Nxe6 36. dxe6 Qxe6 37. Rg6 Qf7 38. Bh6 e4 39. Qxd6 Rd8 40. Qxd8+ Bxd8 41. Rxd8+ Kh7 42. Rxg7+ Qxg7 43. Bxg7 Kxg7 44. fxe4 Rg5 45. Kc1 Rg3 46. Rd7+ Kf6 47. h4 Ke5 48. Kd2 Kxe4 49. Re7+ Kd4 50. Rd7+ Ke4 51. Re7+ 1/2-1/2